Personnages de mangas nés en décembre par images - Statistiques

Statistiques générales
  • Ce quiz a été pris 112 fois
  • Le résultat moyen est 11 sur 20
Statistiques - réponses
Par images Réponse % Correct
Tony Tony Chopper
92%
Hinata Hyuga
88%
Levi Ackerman
88%
Satoru Gojo
86%
Madara Uchiwa
81%
Ken Kaneki
78%
Nezuko Kamado
76%
Megumi Fushiguro
67%
Karma Akabane
65%
Ochaco Uraraka
60%
Misa Amane
57%
Lelouch Lamperouge
56%
Diane
47%
Seiya de Pégase
40%
Tobio Kageyama
39%
Kon
26%
Rin et Yuko Okumura
26%
Chifuyu Matsuno
21%
Rintaro Okabe
8%
Jet Black
0%
Aucun quiz correspondant
Distribution des résultats
% des personnes avec chaque résultat
Percentile par nombre de réponses
Votre historique - résultats
Vous n’avez pas pris ce quiz